Guía del Gabinete de Historia Natural / (Record no. 165510)

MARC details
000 -LEADER
campo de control de longitud fija 00777nam a2200193 i 4500
001 - NÚMERO DE CONTROL
campo de control 165510
003 - IDENTIFICADOR DE NÚMERO DE CONTROL
campo de control ES-MaACL
005 - FECHA Y HORA DE LA ÚLTIMA TRANSACCIÓN
campo de control 20230906213143.0
008 - DATOS DE LONGITUD FIJA--INFORMACIÓN GENERAL
campo de control de longitud fija 000113s1871 sp |||| | spa d
040 ## - FUENTE DE CATALOGACIÓN
Centro catalogador/agencia de origen M-RACE
Lengua de catalogación spa
Centro/agencia transcriptor M-RACE
Centro/agencia modificador CCPB | B
100 1# - ENTRADA PRINCIPAL--NOMBRE DE PERSONA
Nombre de persona Solano Eulate, José María.
9 (RLIN) 132795
245 10 - MENCIÓN DEL TÍTULO
Título Guía del Gabinete de Historia Natural /
Mención de responsabilidad, etc. por José María Solano y Eulate.
260 ## - PUBLICACIÓN, DISTRIBUCIÓN, ETC.
Lugar de publicación, distribución, etc. Madrid :
Nombre del editor, distribuidor, etc. [s.n.],
Fecha de publicación, distribución, etc. 1871 (
Fabricante Imp. a cargo de Gregorio Juste)
300 ## - DESCRIPCIÓN FÍSICA
Extensión 99 p. ;
Dimensiones 19 cm.
530 ## - NOTA DISPONIBLE DE FORMULARIO FÍSICO ADICIONAL
Nota de formato físico adicional disponible Disponible en formato digital.
610 24 - PUNTO DE ACCESO ADICIONAL DE MATERIA--NOMBRE DE ENTIDAD CORPORATIVA
Nombre de entidad corporativa o nombre de jurisdicción como elemento de entrada Real Gabinete de Historia Natural.
9 (RLIN) 148597
852 ## - LOCALIZACIÓN
Ubicación ES-MaACL
Número de control de estantería T-715-F-3
Nota libre .- Ded. manuscrita del autor a Manuel Saenz Diez
856 ## - LOCALIZACIÓN Y ACCESO ELECTRÓNICOS
Identificador Uniforme de Recursos <a href="http://bdh-rd.bne.es/viewer.vm?id=0000077154&page=1 ">http://bdh-rd.bne.es/viewer.vm?id=0000077154&page=1 </a>
Nota pública Biblioteca Digital Hispánica
Holdings
Estatus retirado Estado de pérdida Estado de daño No para préstamo Colección Biblioteca de origen Biblioteca actual Ubicación en estantería Fecha de adquisición Fuente de adquisición Total de préstamos Signatura topográfica completa Código de barras Visto por última vez Precio de reemplazo Tipo de ítem Koha
        Colección de folletos Biblioteca del Ateneo de Madrid Biblioteca del Ateneo de Madrid Depósito folletos 19/05/2009     T-715-F-3 1180015 23/02/2023 23/02/2023 Folleto